| 000 | 00691nam a22002297a 4500 | ||
|---|---|---|---|
| 999 |
_c12079 _d12079 |
||
| 003 | AR-CdUCM | ||
| 008 | 190405b ||||| |||| 00| 0 spa d | ||
| 020 | _a84-95053-35-7 | ||
| 040 |
_aMUNICIPALIDAD PROVINCIAL DEL CUSCO _cBIBLIOTECA MUNICIPAL DEL CUSCO |
||
| 082 |
_aEP / 372 / _bL94 |
||
| 100 |
_aLozano Carpente, Eva _929751 |
||
| 245 | _aLa Meiga Sabela / | ||
| 260 |
_aCusco : _bVilatana, _c2005. |
||
| 300 |
_a28 paginas ; _bilustraciones, graficos, dibujos, _c21 cm. |
||
| 500 | _aCuento infantil | ||
| 650 |
_aCuento infantil _93319 |
||
| 650 |
_aLiteratura _983 |
||
| 650 |
_aCusco _9772 |
||
| 700 |
_aTielas, Bene _929752 |
||
| 942 |
_2ddc _cLIBROS |
||
| 945 |
_apjha _d2019-04-05 |
||